The Concise Cambridge History of English Literature / (Record no. 186073)
[ view plain ]
| 000 -LEADER | |
|---|---|
| fixed length control field | 00946 a2200169 4500 |
| 003 - CONTROL NUMBER IDENTIFIER | |
| control field | Nust |
| 005 - DATE AND TIME OF LATEST TRANSACTION | |
| control field | 20230126154053.0 |
| 040 ## - CATALOGING SOURCE | |
| Transcribing agency | Nust |
| 082 ## - DEWEY DECIMAL CLASSIFICATION NUMBER | |
| Classification number | 842,SAM |
| 100 ## - MAIN ENTRY--PERSONAL NAME | |
| Personal name | Sampson,George |
| 9 (RLIN) | 107810 |
| 245 ## - TITLE STATEMENT | |
| Title | The Concise Cambridge History of English Literature / |
| Statement of responsibility, etc. | George Sampson |
| 260 ## - PUBLICATION, DISTRIBUTION, ETC. | |
| Place of publication, distribution, etc. | New York |
| Name of publisher, distributor, etc. | Macmillan |
| 300 ## - PHYSICAL DESCRIPTION | |
| Extent | 1094:p |
| 505 ## - FORMATTED CONTENTS NOTE | |
| Formatted contents note | From the Beginnings to the Cycles of Romance. The End of the Middle Ages. Renascence and Reformation. Prose and Poetry Sir Thomas North to Michael Drayton. The Drama to 1642. The Drama to 1962 part-2. Cavalier and Puritan. The Age of Dryden. From Steele and Addison to Pope and Swift. The Age of Johnson. The Period of the French Revolution. The Nineteenth Century: Part-1. The Nineteenth Century: Part-2. The Nineteenth Century: Part-3 and Post-Victorian Literature. Late-Victorian and Post-Victorian Literature. |
| 650 ## - SUBJECT ADDED ENTRY--TOPICAL TERM | |
| Topical term or geographic name entry element | History of English Literature |
| 9 (RLIN) | 107811 |
| 942 ## - ADDED ENTRY ELEMENTS (KOHA) | |
| Source of classification or shelving scheme | |
| Koha item type | Book |
| Withdrawn status | Lost status | Source of classification or shelving scheme | Damaged status | Not for loan | Permanent Location | Current Location | Shelving location | Date acquired | Full call number | Barcode | Date last seen | Price effective from | Koha item type | Public note |
|---|---|---|---|---|---|---|---|---|---|---|---|---|---|---|
| Military College of Signals (MCS) | Military College of Signals (MCS) | General Stacks | 12/12/2016 | 842,SAM | MCS29622 | 12/08/2016 | 12/12/2016 | Book | Almirah No.58, Shelf No.1 |
